000 00528nam a22001697a 4500
003 OSt
005 20260219144805.0
008 260219b |||||||| |||| 00| 0 eng d
040 _cMRSPTU
041 _aEnglish
100 _aGurmeet Singh, Supervisor: Dr. Bal Krishan
245 _aEeffect of Polythene Bag Strips on Properties of Concrete
260 _bDepartment of Civil Engg. MRSPTU, Bathinda
_c2018
650 _aCivil Engineering
856 _uhttp://163.47.215.52:8080/jspui/handle/123456789/338
942 _2ddc
_cTH
_n0
999 _c10965
_d10965